Biblioburro : (Record no. 1224)

MARC details
000 -LEADER
fixed length control field 01343cam a2200289 a 4500
005 - DATE AND TIME OF LATEST TRANSACTION
control field 20250505094932.0
020 ## - INTERNATIONAL STANDARD BOOK NUMBER
International Standard Book Number 9781416997788
020 ## - INTERNATIONAL STANDARD BOOK NUMBER
International Standard Book Number 9780545607612
040 ## - CATALOGING SOURCE
Original cataloging agency DLC
Transcribing agency DLC
Modifying agency DLC
Language of cataloging eng
050 00 - LIBRARY OF CONGRESS CALL NUMBER
Classification number Z720.S67
Item number W56 2010
082 00 - DEWEY DECIMAL CLASSIFICATION NUMBER
Classification number 020/.92
-- B
Edition number 22
100 1# - MAIN ENTRY--PERSONAL NAME
Personal name Winter, Jeanette.
245 10 - TITLE STATEMENT
Title Biblioburro :
Remainder of title a true story from Colombia /
Statement of responsibility, etc. Jeanette Winter.
260 ## - PUBLICATION, DISTRIBUTION, ETC.
Place of publication, distribution, etc. New York :
Name of publisher, distributor, etc. Scholastic,
Date of publication, distribution, etc. 2010.
300 ## - PHYSICAL DESCRIPTION
Extent 32 unnumbered pages :
Other physical details color illustrations ;
Dimensions 21 cm.
505 ## - FORMATTED CONTENTS NOTE
Formatted contents note K
520 ## - SUMMARY, ETC.
Summary, etc. A man, his burros, and his books bring joy to children in remote Colombian villages in this inspiring book based on a true story by celebrated picture book creator Jeanette Winter. Luis loves to read, but soon his house in Colombia is so full of books there's barely room for the family. What to do? Then he comes up with the perfect solution--a traveling library! He buys two donkeys--Alfa and
521 1# - TARGET AUDIENCE NOTE
Target audience note 540 <br/>
Source Lexile AD<br/>
521 1# - TARGET AUDIENCE NOTE
Target audience note K <br/><br/>
Source Raz-Plus
650 #0 - SUBJECT ADDED ENTRY--TOPICAL TERM
Topical term or geographic name entry element Librarians
Geographic subdivision Colombia
Form subdivision Biography
-- Juvenile literature.
650 #0 - SUBJECT ADDED ENTRY--TOPICAL TERM
Topical term or geographic name entry element Teachers
Geographic subdivision Colombia
Form subdivision Biography
-- Juvenile literature.
650 #0 - SUBJECT ADDED ENTRY--TOPICAL TERM
Topical term or geographic name entry element Traveling libraries
Geographic subdivision Colombia
Form subdivision Juvenile literature.
650 #0 - SUBJECT ADDED ENTRY--TOPICAL TERM
Topical term or geographic name entry element Books and reading
Geographic subdivision Colombia
Form subdivision Juvenile literature.
906 ## - LOCAL DATA ELEMENT F, LDF (RLIN)
a 7
b cbc
c orignew
d 1
e ecip
f 20
g y-gencatlg
942 ## - ADDED ENTRY ELEMENTS (KOHA)
Source of classification or shelving scheme Dewey Decimal Classification
Koha item type Books
Suppress in OPAC No
999 ## -
-- 1224
-- 1224
Holdings
Withdrawn status Lost status Source of classification or shelving scheme Damaged status Not for loan Collection Home library Current library Shelving location Date acquired Total Checkouts Full call number Barcode Date last seen Date last checked out Copy number Price effective from Koha item type
    Library of Congress Classification     Non-Fiction Footprints International School Library Network Toul Kork Campus Footprints International School Library Network Toul Kork Campus TK Primary Library Room(4th Floor), Bookcase 3&4, Shelves 17-32, Yellow Books 11/13/2023 2 WIN 020.92 Z720.S67 FISTK01997 12/03/2024 08/23/2024 1 11/13/2023 Books
    Library of Congress Classification     Non-Fiction Footprints International School Library Network Toul Kork Campus Footprints International School Library Network Toul Kork Campus TK Primary Library Room(4th Floor), Bookcase 3&4, Shelves 17-32, Yellow Books 05/05/2025   WIN 020.92 Z720.S67 FISBK05330 05/05/2025   2 05/05/2025 Books